| 000 | 00596nam a2200205 a 4500 | ||
|---|---|---|---|
| 005 | 20260322212040.0 | ||
| 008 | data | ||
| 020 | _a0739433857 | ||
| 020 | _a9780739433850 | ||
| 040 | _aDonation | ||
| 099 | _aHEINLR | ||
| 100 | 1 | _aHeinlein, Robert A. | |
| 245 | 1 | 0 |
_aInfinite possibilities _cRobert A. Heinlein. |
| 260 |
_a[S.l.] _bSFBC _cc2002 |
||
| 300 |
_a568 p. ; _c 22 cm. |
||
| 500 | _aPublished by arrangement with Simon & Schuster Children's Publishing. | ||
| 520 | _aContents: Tunnel in the sky -- Time for the stars -- Citizen of the galaxy. | ||
| 650 | 4 | _aScience fiction. | |
| 001 | data | ||
| 999 |
_c951 _d951 |
||